Hannah Collins, filming things.
Saved in:
| Main Author: | |
|---|---|
| Corporate Author: | |
| Other Authors: | , , |
| Format: | Book |
| Language: | French |
| Published: |
Paris : Barcelona :
Centre national de la photographie ; Echo Books,
1997.
|
| Subjects: | |
| Tags: |
Add Tag
No Tags, Be the first to tag this record!
|
| LEADER | 01039nam a2200301 a 4500 | ||
|---|---|---|---|
| 001 | 007777653-4 | ||
| 005 | 20020606104010.5 | ||
| 008 | 980430s1997 fr a bc 000|0dfre d | ||
| 020 | |a 2867541050 | ||
| 035 | 0 | |a ocm41651659 | |
| 040 | |a MH-FA |c MH-FA | ||
| 041 | 0 | |a engfre | |
| 100 | 1 | |a Collins, Hannah, |d 1956- | |
| 245 | 1 | 0 | |a Hannah Collins, filming things. |
| 246 | 3 | |a Filming things | |
| 260 | |a Paris : |b Centre national de la photographie ; |a Barcelona : |b Echo Books, |c 1997. | ||
| 300 | |a 98 p. : |b ill. (some col.) ; |c 29 cm. | ||
| 500 | |a Catalog of an exhibition held the Centre national de la photographie, Paris, in 1997. | ||
| 500 | |a Essays by Régis Durand, Michael Tarantino, and George Condo. | ||
| 546 | |a English and French. | ||
| 504 | |a Includes bibliographical references (p. 97). | ||
| 600 | 1 | 0 | |a Collins, Hannah, |d 1956- |v Exhibitions. |
| 700 | 1 | |a Durand, Régis. | |
| 700 | 1 | |a Tarantino, Michael. | |
| 700 | 1 | |a Condo, George. | |
| 710 | 2 | |a Centre national de la photographie (France) | |
| 988 | |a 20020608 | ||
| 906 | |0 MH | ||


